000 00446nam a2200169Ia 4500
003 GCL
008 140319s9999 xx 000 0 eng d
040 _aGCL /
_cGCL
082 0 4 _a621.815
_bM H
100 1 _aHUSSIEN, M. FOUAD
245 1 0 _aMACHINE DESIGN /
_cHUSSIEN, M. FOUAD
260 _a[S.N] :
_bTHE RENAISSANCE BOOKSHOP ،
_c1950
300 _a279 P
650 0 4 _aMACHINE - ENGINEERING
650 0 4 _aMACHINE - DESIGN
942 _2ddc
_cBK
999 _c14395
_d14395